Fill the Map of Europe by Guessing Flag Colors - Statistics

General Stats
  • This quiz has been taken 38,050 times
  • The average score is 109 of 142
Answers on the Map
Answers color-coded by a green-red scale on the quiz's map according to % correct below.
 
Answer Stats
Country Color % Correct
Russia White
98%
Russia Blue
97%
France Blue
97%
Italy Green
97%
Russia Red
97%
France Red
97%
France White
97%
Italy White
97%
Germany Black
96%
Italy Red
96%
Germany Red
96%
Germany Gold
95%
Ukraine Blue
93%
Ukraine Yellow
93%
Belgium Black
92%
Belgium Red
92%
Austria Red
92%
Switzerland Red
92%
Poland Red
92%
Austria White
92%
Switzerland White
92%
Poland White
92%
Belgium Yellow
92%
Netherlands Blue
91%
Czech Republic Blue
91%
Netherlands Red
91%
Czech Republic Red
91%
Netherlands White
91%
Czech Republic White
91%
Greece Blue
90%
United Kingdom Blue
90%
Ireland Green
90%
Ireland Orange
90%
United Kingdom Red
90%
Greece White
90%
United Kingdom White
90%
Ireland White
90%
Finland Blue
88%
Sweden Blue
88%
Norway Blue
88%
Iceland Blue
88%
Hungary Green
88%
Hungary Red
88%
Norway Red
88%
Denmark Red
88%
Iceland Red
88%
Hungary White
88%
Finland White
88%
Norway White
88%
Denmark White
88%
Iceland White
88%
Sweden Yellow
88%
Romania Blue
87%
Romania Red
87%
Romania Yellow
86%
Estonia Blue
85%
Bulgaria Green
85%
Bulgaria Red
85%
Albania Red
85%
Bulgaria White
85%
Albania Black
84%
Latvia Carmine
84%
Belarus Red
84%
Latvia White
84%
Estonia White
84%
Estonia Black
83%
Slovakia Blue
83%
Bosnia andHerzegovina Blue
83%
Belarus Green
83%
Luxembourg Light blue
83%
Luxembourg Red
83%
Slovakia Red
83%
North Macedonia Red
83%
Luxembourg White
83%
Slovakia White
83%
North Macedonia Yellow
83%
Belarus White
82%
Bosnia and Herzegovina White
82%
Bosnia and Herzegovina Yellow
82%
Kosovo Blue
81%
Lithuania Green
80%
Lithuania Red
80%
Lithuania Yellow
80%
Montenegro Red
79%
Croatia Red
79%
Croatia White
79%
Slovenia Blue
78%
Croatia Blue
78%
Slovenia Red
78%
Slovenia White
78%
Spain Red
76%
Kosovo White
76%
Spain Yellow
76%
Kosovo Gold
75%
Montenegro Gold
75%
Serbia Blue
72%
Serbia Red
72%
Serbia White
72%
Montenegro Blue
70%
Moldova Blue
69%
Portugal Red
69%
Serbia Gold
68%
Portugal Green
68%
Moldova Red
68%
Slovenia Yellow
68%
Moldova Yellow
68%
Montenegro Green
65%
Monaco Red
62%
Malta Red
62%
Monaco White
62%
Malta White
62%
Portugal Yellow
61%
Andorra Red
60%
Vatican City White
60%
Vatican City Yellow
60%
San Marino White
59%
San Marino Light blue
58%
Portugal White
58%
Croatia Yellow
58%
Andorra Yellow
58%
Andorra Blue
57%
Liechtenstein Blue
56%
Spain Gold
56%
Liechtenstein Red
56%
Croatia Black
55%
Liechtenstein Yellow
54%
Portugal Blue
52%
Croatia Light blue
49%
Spain Blue
47%
Moldova Green
47%
San Marino Green
46%
San Marino Yellow
46%
Spain Beige
45%
Moldova Brown
45%
Spain Green
44%
Andorra Brown
42%
Spain Red (darker)
41%
Spain Gray
40%
Vatican City Red
39%
Spain White
36%
Vatican City Gray
34%
Spain Pink
33%
No matching quizzes found
Score Distribution
Percent of People with Each Score
Percentile by Number Answered
Your Score History
You have not taken this quiz